Dario Fo and Franca Rame : theatre workshops at Riverside Studies, London : April 28th, May 5th, 12th, 13th & 19th 1983.

Bibliographic Details
Main Author: Fo, Dario
Other Authors: Rame, Franca
Format: Book
Language:English
Published: London : Red Notes, 1983.
Subjects:

MARC

Tag First Indicator Second Indicator Subfields
LEADER 00000cam a2200000 a 4500
001 in00000393721
005 20151011111459.0
008 840521s1983 enkac 00010 eng d
010 |a gb 84019630  
015 |a GB84-19630 
020 |a 090630508X (pbk) :  |c 2.60 
035 |a (OCoLC)11819789 
035 |9 ABR7364AM 
040 |a UKM  |c UKM  |d TXA  |d UtOrBLW 
049 |a TXAM  |c [A08551125] 
050 1 0 |a PN2061 
082 0 |a 792/.028  |2 19 
090 |a PN2078.G72  |b L653 1983 
100 1 |a Fo, Dario. 
245 1 0 |a Dario Fo and Franca Rame :  |b theatre workshops at Riverside Studies, London : April 28th, May 5th, 12th, 13th & 19th 1983. 
264 1 |a London :  |b Red Notes,  |c 1983. 
300 |a 75 pages :  |b illustrations, portraits ;  |c 29 cm. 
336 |a text  |b txt  |2 rdacontent 
337 |a unmediated  |b n  |2 rdamedia 
338 |a volume  |b nc  |2 rdacarrier 
500 |a Cover title. 
650 0 |a Acting. 
653 |a Theatre  |a Acting  |a Techniques 
700 1 |a Rame, Franca. 
886 2 |2 UK MARC  |a 690  |b 00  |z 11030  |a theatre  |z 21030  |a acting  |z p0030  |a techniques 
886 2 |2 UK MARC  |a 691  |b 00  |a 3079848 
886 2 |2 UK MARC  |a 692  |b 00  |a 0005584 
886 2 |2 UK MARC  |a 692  |b 00  |a 0017248 
999 |a MARS 
999 f f |s 946823a2-db38-3d85-a54f-a844b58a1906  |i 6d934de6-24f4-38a1-a6ad-482b929584d8  |t 0 
952 f f |p normal  |a Texas A&M University  |b College Station  |c Sterling C. Evans Library  |d Evans: Library Stacks  |t 0  |e PN2078.G72 L653 1983  |h Library of Congress classification  |i unmediated -- volume  |m A14808551125 
998 f f |a PN2078.G72 L653 1983  |t 0  |l Evans: Library Stacks